Regrowing the American economy (Record no. 55945)

MARC details
000 -LEADER
fixed length control field 01162nam a2200241 a 4500
008 - FIXED-LENGTH DATA ELEMENTS--GENERAL INFORMATION
fixed length control field 120416s1983 ||||||||||||||||| || u
020 ## - INTERNATIONAL STANDARD BOOK NUMBER
International Standard Book Number 0137710143
020 ## - INTERNATIONAL STANDARD BOOK NUMBER
International Standard Book Number 0137710143
050 ## - LIBRARY OF CONGRESS CALL NUMBER
Classification number HC 106.7 Reg
100 ## - MAIN ENTRY--PERSONAL NAME
Personal name Miller, G. William (George William), 1925-
245 10 - TITLE STATEMENT
Title Regrowing the American economy
Statement of responsibility, etc. edited by G. William Miller
246 ## - VARYING FORM OF TITLE
Title proper/short title The American Assembly, Colombia University
260 ## - PUBLICATION, DISTRIBUTION, ETC.
Place of publication, distribution, etc. New York:
Name of publisher, distributor, etc. FT Prentice-Hall
Date of publication, distribution, etc. 1983
300 ## - PHYSICAL DESCRIPTION
Extent viii, 173p. : ill
350 ## - PRICE (NR) (BK AM CF MU VM SE) [OBSOLETE]
Price 0.00
500 ## - GENERAL NOTE
General note At head of title: The American Assembly, Columbia University. -Edited by: G. William Miller. -"A Spectrum book." -Background papers prepared for the 63rd meeting of the American Assembly at Arden House, Harriman, N.Y., Nov. 11-14, 1982. -Includes index.
650 #0 - SUBJECT ADDED ENTRY--TOPICAL TERM
Topical term or geographic name entry element UNITED STATES--ECONOMIC POLICY
650 #0 - SUBJECT ADDED ENTRY--TOPICAL TERM
Topical term or geographic name entry element ECONOMICS
650 ## - SUBJECT ADDED ENTRY--TOPICAL TERM
Topical term or geographic name entry element INTERNATIONAL ECONOMIC RELATIONS--CONGRESSES
650 ## - SUBJECT ADDED ENTRY--TOPICAL TERM
Topical term or geographic name entry element UNITED STATES--ECONOMIC POLICY-- 1981-1993--CONGRESSES
710 ## - ADDED ENTRY--CORPORATE NAME
Corporate name or jurisdiction name as entry element American Assembly
995 ## - RECOMMENDATION 995 [LOCAL, UNIMARC FRANCE]
-- 0.00
-- CBU-MAIN LIBRARY (Kitwe)
-- 1
-- 0.00
-- 1
-- AVAILABLE
-- Main Library Open Access Collection
Holdings
Withdrawn status Lost status Source of classification or shelving scheme Damaged status Not for loan Home library Current library Shelving location Date acquired Total Checkouts Full call number Barcode Date last seen Price effective from Koha item type
          CBU-MAIN LIBRARY, KITWE. CBU-MAIN LIBRARY, KITWE.   11/30/2022   HC 106.7 Reg 024481 11/30/2022 11/30/2022 MONOGRAPH